000 00570nam a22001931a 4500
001 18398
003 OSt
005 20260204212403.0
008 171028s2013||||sp ||||||b||||||||||spa||
020 _a9788473569033
082 _a658.022 P113c
100 _aDe Pablos Heredero, Carmen
245 _aLos cien errores del emprendimiento/Carmen De Pablos Heredero, Francisco José Blanco Jiménez
264 _aMadrid:ESIC
300 _a147 p
650 _a1.Administración de Empresas 2.Empresas individuales
700 _aBlanco,Francisco JoséÌ
942 _2ddc
_cBK
999 _c18398
_d18398